Państwa wchodzące w skład Imperium Brytyjskiego - Statystyki

Ogólne statystyki
  • Ten quiz został rozwiązany 81 razy
  • Średni wynik to 36 z 72
Statystyki odpowiedzi
Podpowiedź
(kontynent)
Odpowiedź
(kraj)
% Poprawnych
Europa Irlandia
96%
Azja Indie
88%
Europa Wielka Brytania
80%
Ameryka Płn. Kanada
78%
Azja Pakistan
78%
Afryka Republika Południowej Afryki
76%
Oceania Australia
72%
Oceania Nowa Zelandia
72%
*Ameryka Płn.* Stany Zjednoczone
72%
Afryka Egipt
68%
Azja Bangladesz
64%
Europa Malta
64%
Afryka Tanzania
62%
Azja Cypr
60%
Afryka Kenia
60%
Afryka Lesotho
60%
Azja Malezja
60%
Azja Mjanma
60%
Afryka Sudan
60%
Azja Irak
58%
*Azja* Jemen
58%
Azja Oman
58%
Azja Sri Lanka
58%
Azja Zjednoczone Emiraty Arabskie
58%
Afryka Nigeria
56%
Afryka Sudan Południowy
56%
Afryka Eswatini
54%
Azja Izrael
54%
Ameryka Płn. Jamajka
54%
Azja Malediwy
54%
*Afryka* Somalia
54%
Azja Singapur
52%
Afryka Zambia
52%
Ameryka Płn. Bahamy
50%
Azja Jordania
50%
Azja Katar
50%
Afryka Zimbabwe
50%
Oceania Fidżi
48%
Afryka Namibia
48%
Ameryka Płn. Saint Lucia
48%
Ameryka Płn. Barbados
46%
Ameryka Płn. Belize
46%
Afryka Botswana
46%
Ameryka Płd. Gujana
46%
Ameryka Płn. Antigua i Barbuda
44%
Azja Bahrajn
44%
Azja Kuwejt
44%
Oceania Papua Nowa Gwinea
44%
Afryka Uganda
44%
*Afryka* Libia
42%
Ameryka Płn. Saint Vincent i Grenadyny
42%
Ameryka Płn. Trynidad i Tobago
42%
Oceania Wyspy Salomona
42%
Ameryka Płn. Saint Kitts i Nevis
38%
Afryka Ghana
36%
Ameryka Płn. Grenada
36%
Afryka Seszele
36%
Azja Brunei
34%
Afryka Malawi
34%
Oceania Tonga
34%
Ameryka Płn. Dominika
32%
Afryka Gambia
32%
*Azja* Iran
32%
Afryka Mauritius
32%
Oceania Nauru
32%
Afryka Kamerun
30%
Azja* Palestyna
30%
Afryka Sierra Leone
28%
Afryka Erytrea
24%
Azja* Hong Kong
24%
Afryka* Somaliland
8%
Ameryka Płn. Nikaragua
6%
Nie znaleziono quizów pasujących do podanych kryteriów
Rozkład punktacji
Procent ludzi z każdym wynikiem
Percentyl według liczby udzielonych odpowiedzi
Twoja historia wyników
Nie rozwiązałeś tego quizu